UM Logo

Polygraphy: (Record no. 3731)

MARC details
000 -LEADER
fixed length control field 00622nam a22001817a 4500
008 - FIXED-LENGTH DATA ELEMENTS--GENERAL INFORMATION
fixed length control field 160116b xxu||||| |||| 00| 0 eng d
020 ## - INTERNATIONAL STANDARD BOOK NUMBER
International Standard Book Number 978-971-9617-13-6
082 ## - DEWEY DECIMAL CLASSIFICATION NUMBER
Edition number 2014
Classification number DFil 363.254
Item number V11p
100 ## - MAIN ENTRY--PERSONAL NAME
9 (RLIN) 12425
Personal name Villaluz, Joner C.
245 ## - TITLE STATEMENT
Title Polygraphy:
Remainder of title Lie Detection/
Statement of responsibility, etc. Joner C. Villaluz...[and two others].
260 ## - PUBLICATION, DISTRIBUTION, ETC. (IMPRINT)
Place of publication, distribution, etc. Quezon City:
Name of publisher, distributor, etc. Wiseman's Books Trading, Inc.,
Date of publication, distribution, etc. c2014.
300 ## - PHYSICAL DESCRIPTION
Extent vii, 116 pages;
Other physical details illustrations;
Dimensions 22 cm.
650 #0 - SUBJECT ADDED ENTRY--TOPICAL TERM
9 (RLIN) 12427
Topical term or geographic name as entry element Lie Detectors and Detection.
700 ## - ADDED ENTRY--PERSONAL NAME
9 (RLIN) 12428
Personal name Revisa, William A.
700 ## - ADDED ENTRY--PERSONAL NAME
9 (RLIN) 12429
Personal name Panganoron, Carlito
365 ## - TRADE PRICE
Price amount 298.00
Currency code Php
942 ## - ADDED ENTRY ELEMENTS (KOHA)
Source of classification or shelving scheme Dewey Decimal Classification
Koha item type Filipiniana
Holdings
Withdrawn status Lost status Source of classification or shelving scheme Damaged status Not for loan Collection code Home library Current library Shelving location Date acquired Source of acquisition Total Checkouts Full call number Barcode Date last seen Date last checked out Copy number Cost, replacement price Price effective from Koha item type
    Dewey Decimal Classification     Filipiniana UM Digos College - LIC UM Digos College - LIC Book Cart 07/25/2016 Purchased 3 DFil 363.254 V11p 2014 24257 05/15/2025 03/01/2018 1 298.00 08/06/2016 Filipiniana
    Dewey Decimal Classification     Filipiniana UM Digos College - LIC UM Digos College - LIC Book Cart 07/25/2016 Purchased 1 DFil 363.254 V11p 2014 24258 05/15/2025 09/16/2017 2 298.00 08/06/2016 Filipiniana
    Dewey Decimal Classification     Filipiniana UM Digos College - LIC UM Digos College - LIC Book Cart 07/25/2016 Purchased 2 DFil 363.254 V11p 2014 24259 05/15/2025 01/19/2023 3 298.00 08/06/2016 Filipiniana
    Dewey Decimal Classification     Filipiniana UM Digos College - LIC UM Digos College - LIC Book Cart 07/25/2016 Purchased 2 DFil 363.254 V11p 2014 24260 05/15/2025 11/15/2022 4 298.00 08/06/2016 Filipiniana
    Dewey Decimal Classification     Filipiniana UM Digos College - LIC UM Digos College - LIC Book Cart 07/25/2016 Purchased 3 DFil 363.254 V11p 2014 24261 05/15/2025 09/30/2019 5 298.00 08/06/2016 Filipiniana